000 00617nam a2200229 i 4500
001 C2-0056530
003 PPAK
005 20190630222104.0
008 970301s1983 enk |||| ||||| | eng d
020 _a0709912862
040 _aPPAK
_beng
_cPPAK
_erda
082 0 4 _a371.39445
_223
090 0 0 _a371.39445
_bHAW
_dG
100 1 _aHawkridge, David,
_eauthor
245 1 0 _aNew information technology in education
264 1 _aLondon :
_bCrown Helm ,
_c1983
300 _axii, 238 pages ;
_c22 cm
336 _2rdacontent
_atext
337 _2rdamedia
_aunmediated
338 _2rdacarrier
_avolume
942 _ddc
_cB
999 _c6958
_d6958